[Event "Santa Fe Litoral op 2nd"]
[Site "Santa Fe"]
[Date "2022.11.11"]
[Round "3"]
[White "Diaz Castro, Luis Enrique"]
[Black "Straini, Nahuel"]
[Result "0-1"]
[WhiteElo "1418"]
[BlackElo "1955"]
[PlyCount "124"]
[EventDate "2022.11.10"]
[EventType "swiss"]
[EventRounds "7"]
[EventCountry "ARG"]
[SourceTitle "CBM 211 Extra"]
[Source "ChessBase"]
[SourceDate "2023.01.31"]
[SourceVersion "1"]
[SourceVersionDate "2023.01.31"]
[SourceQuality "1"]

1. d4 d5 2. c4 e6 3. Nc3 Nf6 4. Bg5 c6 5. e3 Nbd7 6. cxd5 exd5 7. Bd3 Be7 8. Nge2 0-0 9. 0-0 h6 10. Bh4 Re8 11. Qc2 Nh5 12. Bxe7 Qxe7 13. Rab1 Ndf6 14. Bf5 g6 15. Bxc8 Raxc8 16. b4 b6 17. Na4 Ne4 18. Rfc1 Nhf6 19. Rb3 Nd6 20. Nb2 b5 21. a4 a6 22. Ra1 Nc4 23. Nd3 Ne4 24. Nc3 Ned2 25. Nc5 Nxb3 26. Qxb3 Ra8 27. a5 f5 28. Ne2 Ra7 29. Qc2 Qf6 30. g3 g5 31. Kh1 Kg7 32. Rg1 Qd6 33. Qc1 Kf6 34. Qf1 Nd2 35. Qd1 Ne4 36. Rg2 Nxc5 37. bxc5 Qc7 38. Qd2 Rb7 39. Qb4 Qd8 40. Nc1 Rbe7 41. Nd3 Qc7 42. Qa3 Re4 43. Nb4 Qc8 44. Nd3 h5 45. Ne5 R8xe5 46. dxe5+ Kxe5 47. f3 Rc4 48. Qb2+ d4 49. exd4+ Rxd4 50. Rd2 Qd7 51. Kg2 Qd5 52. Kf2 Qxc5 53. Ke3 f4+ 54. gxf4+ gxf4+ 55. Ke2 Qc4+ 56. Kf2 Kd5 57. Rc2 Qd3 58. Qa2+ Kd6 59. Re2 Qc4 60. Qb1 Qd3 61. Qa2 Rd5 62. Qb2 Qd4+ 0-1